| 000 | 00455pab a2200157 454500 | ||
|---|---|---|---|
| 008 | 180718b2010 xxu||||| |||| 00| 0 eng d | ||
| 100 | _aHeins, Elke et al. | ||
| 245 | _aA review of the evidence of third sector performance and its relevance for a universal comprehensive health system | ||
| 260 | _c2010 | ||
| 300 | _ap.515-526. | ||
| 362 | _aOct | ||
| 650 | _aHealth services | ||
| 773 | _aSocial Policy and Society | ||
| 908 | _aN | ||
| 909 | _a89573 | ||
| 999 |
_c89573 _d89573 |
||